000 00523pab a2200181 454500
008 180718b2008 xxu||||| |||| 00| 0 eng d
100 _aSantha, Sunil D.
245 _aLocal culture, technological change and riverine fisheries management in Kerala, South India
260 _c2008
300 _ap.25-45.
362 _aJan-Dec
650 _aTechnological change
650 _aFisheries - India - Kerala
650 _aFisheries
773 _aInternational Journal of Rural Management
908 _aN
909 _a84752
999 _c84752
_d84752